Vianoce

Bibliographic Details
Main Author: Žihalová, Božena (Author)
Format: Article
Language:Slovak
ISSN:0701-0192
Subjects:

MARC

LEADER 00000nab a2200000 a 4500
001 vtls000777863
003 SK-MaSNL
005 20260302152843.0
008 160314c2001 xo 0 slo
015 |a SNBRB2001/12-34954 
035 |a CLN000129644 
040 |a SNKBUCL  |b slo  |c SNKBUCL  |e AACR2 
041 0 |a slo 
044 |a xo  |c SK 
080 |a 885.4-1  |2 UDC-MRF-SK2 
080 |a 244  |2 UDC-MRF-SK2 
080 |a 885.4-97  |2 UDC-MRF-SK2 
100 1 |a Žihalová, Božena  |4 aut  |9 846919 
245 1 0 |a Vianoce  |c Božena Žihalová 
650 0 7 |a meditatívne básne, slovenské  |2 snkbucl  |9 28788 
773 0 |x 0701-0192  |t Posol  |g Roč. 80, č. 12 (2001), s. 9 
850 |a Slovenská národná knižnica v Martine 
852 |a SNK  |b KIS3GCP 
958 |a LX 
958 |a SK 
958 |a RBX 
999 |c 1363689  |d 1365619